000
00211nam a22000977a 4500
999
_c
262625
_d
262624
020
_a
9780545007368
100
_a
Jeff Bauer
245
_a
What Is an Insect?
260
_a
New York
_b
Scholastic
_c
2008
942
_c
BK